[Event "7th Sharjah Masters 2024"]
[Site "Sharjah UAE"]
[Date "2024.05.20"]
[Round "7.22"]
[White "Gledura, Benjamin"]
[Black "Gavrilescu, David"]
[Result "1-0"]
[WhiteTitle "GM"]
[BlackTitle "GM"]
[WhiteElo "2619"]
[BlackElo "2540"]
[WhiteFideId "712779"]
[BlackFideId "1227190"]
[EventDate "2024.05.14"]

1. Nf3 d5 2. e3 Nf6 3. c4 e6 4. Nc3 c5 5. cxd5 exd5 6. Bb5+ Nc6 7. Ne5 Bd7 8.
Bxc6 bxc6 9. Nxd7 Nxd7 10. O-O Bd6 11. d3 O-O 12. e4 Be5 13. exd5 Bxc3 14. dxc6
Bd4 15. cxd7 Qxd7 16. Rb1 Rfe8 17. b3 Rad8 18. Bb2 Bxb2 19. Rxb2 Qxd3 20. Qxd3
Rxd3 21. Rc2 Rd5 22. Rfc1 g6 23. Kf1 Ree5 24. Re1 Rf5 25. h4 Rd4 26. g3 Kf8 27.
Re3 Rb4 28. Rec3 Rb5 29. Rd2 Ra5 30. Re3 Ra3 31. Ke2 h5 32. Re4 Rf6 33. Rc4 Re6+
34. Kd1 Rea6 35. Rcc2 Ke7 36. Kc1 R3a5 37. Kb1 Rd6 38. Kb2 Rb5 39. Re2+ Re6 40.
a4 Ra5 41. Rxe6+ Kxe6 42. Re2+ Kd6 43. Rd2+ Ke6 44. Kc3 Ra6 45. Kc4 Rb6 46. Rd3
Rb4+ 47. Kxc5 a5 48. Kc6 f6 49. Rd6+ Kf5 50. Rd5+ Kg4 51. Rb5 Re4 52. Rxa5 Kf3
53. Rc5 Kxf2 54. Rc3 g5 55. a5 gxh4 56. gxh4 f5 57. a6 Re6+ 58. Kb7 Re7+ 59. Rc7
Re3 60. b4 Rb3 61. Rc4 1-0

[Event "7th Sharjah Masters 2024"]
[Site "Sharjah UAE"]
[Date "2024.05.20"]
[Round "7.23"]
[White "Sivuk, Vitaly"]
[Black "Petrosyan, Manuel"]
[Result "1/2-1/2"]
[WhiteTitle "GM"]
[BlackTitle "GM"]
[WhiteElo "2544"]
[BlackElo "2618"]
[WhiteFideId "14116502"]
[BlackFideId "13300857"]
[EventDate "2024.05.14"]

1. e4 e5 2. f4 exf4 3. Nf3 h6 4. Bc4 g5 5. d4 Bg7 6. O-O Ne7 7. g3 d5 8. exd5
fxg3 9. Ne5 gxh2+ 10. Kh1 O-O 11. Nc3 b5 12. Bb3 Bb7 13. Qh5 Ng6 14. Ng4 b4 15.
Ne2 Bxd5+ 16. Kxh2 Bxb3 17. axb3 Qd6+ 18. Ng3 Nh4 19. Bxg5 hxg5 20. Qxg5 Ng6 21.
Nf6+ Bxf6 22. Rxf6 Qxd4 23. Nf5 Qf4+ 24. Qxf4 Nxf4 25. Ne7+ Kg7 26. Rxf4 Rh8+
27. Kg3 Nd7 28. Rxb4 Ne5 29. Rb7 c6 30. Ra5 Kf6 31. b4 Rhe8 32. Rc5 Rxe7 33.
Rxe7 Rg8+ 34. Kh3 Kxe7 35. Rxe5+ Kd6 36. Ra5 Re8 37. Rxa7 Re2 38. c4 Rxb2 39. b5
cxb5 40. cxb5 Rxb5 41. Rxf7 Ke5 1/2-1/2

[Event "7th Sharjah Masters 2024"]
[Site "Sharjah UAE"]
[Date "2024.05.20"]
[Round "7.24"]
[White "Theodorou, Nikolas"]
[Black "Madaminov, Mukhiddin"]
[Result "1/2-1/2"]
[WhiteTitle "GM"]
[BlackTitle "IM"]
[WhiteElo "2617"]
[BlackElo "2506"]
[WhiteFideId "4262875"]
[BlackFideId "14210703"]
[EventDate "2024.05.14"]

1. Nf3 Nf6 2. d4 d5 3. Bf4 c5 4. e3 Nc6 5. Nbd2 e6 6. c3 Be7 7. Ne5 Nd7 8. h4
Ndxe5 9. dxe5 f6 10. exf6 Bxf6 11. Qh5+ g6 12. Qh6 Qe7 13. Bg5 Qg7 14. Qxg7 Bxg7
15. Bd3 Ne5 16. Bc2 b6 17. Nf3 Nxf3+ 18. gxf3 Bd7 19. O-O-O Kf7 20. h5 Bf6 21.
f4 gxh5 22. Rxh5 h6 23. Bxf6 Kxf6 24. Rdh1 Kg7 25. Rg1+ Kf7 26. Rg6 Rag8 27.
Rhxh6 Rxh6 28. Rxh6 Rg2 29. Rh7+ Ke8 30. f3 a5 31. Rh6 Ke7 32. Bd1 Bb5 33. e4
Rg1 34. exd5 exd5 35. f5 Bd3 36. Rxb6 Bxf5 37. Kd2 Rg2+ 38. Ke3 Bb1 39. a3 d4+
40. cxd4 cxd4+ 41. Kf4 Rd2 42. Ba4 d3 43. Ke3 Re2+ 44. Kd4 Rf2 45. Rb7+ Kd6 46.
Ke3 Re2+ 47. Kd4 Rf2 48. Ke3 Re2+ 49. Kd4 Rf2 50. Ke4 1/2-1/2

[Event "7th Sharjah Masters 2024"]
[Site "Sharjah UAE"]
[Date "2024.05.20"]
[Round "7.26"]
[White "Gurel, Ediz"]
[Black "Assaubayeva, Bibisara"]
[Result "1-0"]
[WhiteTitle "GM"]
[BlackTitle "IM"]
[WhiteElo "2578"]
[BlackElo "2481"]
[WhiteFideId "44507356"]
[BlackFideId "13708694"]
[EventDate "2024.05.14"]

1. c4 Nf6 2. Nc3 g6 3. e4 d6 4. d4 Bg7 5. Be2 O-O 6. Nf3 e5 7. O-O exd4 8. Nxd4
Nc6 9. Nc2 Re8 10. f3 Nh5 11. Nd5 f5 12. g4 Nf6 13. gxf5 gxf5 14. Bg5 Ne5 15. f4
Nf7 16. Bxf6 Bxf6 17. Bh5 Rf8 18. Kh1 Nh6 19. e5 dxe5 20. fxe5 Bg7 21. Qe2 Be6
22. Rad1 Bxd5+ 23. Rxd5 Qe7 24. e6 Rad8 25. Rfd1 Rd6 26. Rxd6 cxd6 27. c5 Be5
28. cxd6 Qxe6 29. d7 Rd8 30. Nd4 Qe7 31. Qc4+ Kh8 32. Ne6 Rxd7 33. Qc8+ Ng8 34.
Rxd7 Qh4 35. Qxg8+ Kxg8 36. Rd8+ Qxd8 37. Nxd8 Bxb2 38. Nxb7 Kg7 39. Kg2 Ba3 40.
Na5 Kf6 41. Be2 h6 42. Kf3 Kg5 43. Nc4 Bc5 44. Bd3 Bg1 45. h3 Bc5 46. Ne3 f4 47.
Ng2 1-0

[Event "7th Sharjah Masters 2024"]
[Site "Sharjah UAE"]
[Date "2024.05.20"]
[Round "7.28"]
[White "Nesterov, Arseniy"]
[Black "Esipenko, Andrey"]
[Result "1/2-1/2"]
[WhiteTitle "GM"]
[BlackTitle "GM"]
[WhiteElo "2590"]
[BlackElo "2704"]
[WhiteFideId "24198455"]
[BlackFideId "24175439"]
[EventDate "2024.05.14"]

1. d4 Nf6 2. c4 g6 3. Nc3 Bg7 4. e4 d6 5. Be2 O-O 6. Nf3 e5 7. O-O exd4 8. Nxd4
Re8 9. f3 c6 10. Kh1 d5 11. cxd5 cxd5 12. Bg5 Nc6 13. exd5 Nxd4 14. Qxd4 Nxd5
15. Qxd5 Qxd5 16. Nxd5 Rxe2 17. Rae1 Rxe1 1/2-1/2

[Event "7th Sharjah Masters 2024"]
[Site "Sharjah UAE"]
[Date "2024.05.20"]
[Round "7.31"]
[White "Banusz, Tamas"]
[Black "Dudin, Gleb"]
[Result "1-0"]
[WhiteTitle "GM"]
[BlackTitle "GM"]
[WhiteElo "2623"]
[BlackElo "2554"]
[WhiteFideId "722413"]
[BlackFideId "34184934"]
[EventDate "2024.05.14"]

1. d4 Nf6 2. g3 d5 3. Nf3 Bf5 4. Bg2 h6 5. c4 c6 6. Nc3 e6 7. Qb3 Qb6 8. c5 Qxb3
9. axb3 Na6 10. Ra4 Nd7 11. h4 e5 12. b4 Bc2 13. Rxa6 bxa6 14. dxe5 a5 15. b5
Bxc5 16. bxc6 Nb6 17. Be3 Bxe3 18. fxe3 Be4 19. Bh3 O-O 20. Kf2 Bxf3 21. exf3
Rac8 22. Bxc8 Rxc8 23. Ra1 Rxc6 24. Rxa5 Nc4 25. Rxd5 Nxb2 26. Ne2 Nc4 27. Rd8+
Kh7 28. f4 a5 29. Ra8 Rb6 30. Nd4 Rb2+ 31. Kf3 h5 32. Ra7 Kg8 33. e6 Nd2+ 34.
Ke2 Nb3+ 35. Kd3 Nc5+ 36. Kc3 Na4+ 37. Kc4 Nb6+ 38. Kd3 fxe6 39. Rxa5 Kf7 40.
Rxh5 Rg2 41. Rg5 Nd5 42. f5 exf5 43. Nxf5 Nb4+ 44. Kc4 Nc2 45. Rxg7+ Kf6 46. Rg5 1-0

[Event "7th Sharjah Masters 2024"]
[Site "Sharjah UAE"]
[Date "2024.05.20"]
[Round "7.32"]
[White "Yilmazyerli, Mert"]
[Black "Ivanchuk, Vasyl"]
[Result "1/2-1/2"]
[WhiteTitle "GM"]
[BlackTitle "GM"]
[WhiteElo "2522"]
[BlackElo "2609"]
[WhiteFideId "6305962"]
[BlackFideId "14100010"]
[EventDate "2024.05.14"]

1. d4 Nf6 2. c4 e6 3. Nf3 a6 4. Nc3 d5 5. cxd5 exd5 6. Bg5 Be6 7. e3 Nbd7 8. h3
Bd6 9. Bd3 c6 10. Bf4 Qc7 11. Bxd6 Qxd6 12. O-O O-O 13. Qc2 g6 14. Rad1 Nh5 15.
b4 Ng7 16. Qb1 Bf5 17. Bxf5 Nxf5 18. a4 Rfc8 19. e4 dxe4 20. Nxe4 Qd5 21. Ne5
Kg7 22. Nc3 Qd6 23. Nxd7 Qxd7 24. d5 Re8 25. Qb2 f6 1/2-1/2

[Event "7th Sharjah Masters 2024"]
[Site "Sharjah UAE"]
[Date "2024.05.20"]
[Round "7.33"]
[White "Aditya, Mittal"]
[Black "Erdogmus, Yagiz Kaan"]
[Result "0-1"]
[WhiteTitle "GM"]
[BlackTitle "IM"]
[WhiteElo "2608"]
[BlackElo "2554"]
[WhiteFideId "35042025"]
[BlackFideId "44599790"]
[EventDate "2024.05.14"]

1. e4 c6 2. d4 d5 3. e5 c5 4. Nf3 cxd4 5. Qxd4 Nc6 6. Qf4 f6 7. Qg3 g5 8. Bb5
Nh6 9. Nd4 Qb6 10. c3 Nf5 11. Bxc6+ Qxc6 12. Nxf5 Bxf5 13. O-O h5 14. exf6 exf6
15. h4 gxh4 16. Qxh4 O-O-O 17. Be3 Rg8 18. Bd4 Bd6 19. Nd2 Rg6 20. f4 Rdg8 21.
Rf2 Qd7 22. Bxf6 Rg4 23. Qxh5 Bxf4 24. Bd4 R4g5 25. Qe2 Bh3 26. Nf1 Bxg2 27.
Rxg2 Qh3 28. Rxg5 Rxg5+ 29. Kf2 Qh4+ 30. Ng3 Bxg3+ 31. Ke3 Bf4+ 32. Kd3 Qh7+ 0-1

[Event "7th Sharjah Masters 2024"]
[Site "Sharjah UAE"]
[Date "2024.05.20"]
[Round "7.34"]
[White "Idani, Pouya"]
[Black "Erdos, Viktor"]
[Result "1-0"]
[WhiteTitle "GM"]
[BlackTitle "GM"]
[WhiteElo "2605"]
[BlackElo "2546"]
[WhiteFideId "12510130"]
[BlackFideId "719978"]
[EventDate "2024.05.14"]

1. e4 e5 2. Nf3 Nf6 3. d4 Nxe4 4. dxe5 d5 5. Nbd2 Qd7 6. Bd3 Nc5 7. Be2 Ne6 8.
Nf1 b6 9. Ne3 Bb7 10. c3 Nf4 11. Bf1 Bc5 12. b4 Be7 13. Qc2 O-O 14. Nf5 Ng6 15.
Bd3 Re8 16. O-O Bf8 17. N5d4 Nc6 18. e6 fxe6 19. Bxg6 hxg6 20. Nxc6 Qxc6 21. Ne5
Qd6 22. Bf4 Qe7 23. Qxg6 Qf6 24. Qg3 Bd6 25. Qe3 Rf8 26. Bg3 Qh6 27. Qxh6 gxh6
28. Rfe1 Rae8 29. Nf3 Rf6 30. Re3 a5 31. bxa5 bxa5 32. Rb1 Ba6 33. Bxd6 cxd6 34.
Rb6 Bc4 35. Rxd6 Rb8 36. h3 Rb1+ 37. Kh2 Bxa2 38. Ra6 Rb2 39. Ra8+ Kg7 40. Ne5
Rfxf2 41. Rg3+ Kf6 42. Ng4+ Ke7 43. Nxf2 Rxf2 44. Rxa5 Bb1 45. Ra7+ Kd6 46. Rf3
Re2 47. Ra6+ Kc5 48. Ra8 Be4 49. Rg3 Rf2 50. Rh8 Rf6 51. Kg1 Kd6 52. Rgg8 Kc5
53. Rf8 Rg6 54. Rhg8 Rxg8 55. Rxg8 Kc4 56. Re8 Kxc3 57. Rxe6 h5 58. Kf2 Bc2 59.
Rc6+ Kd2 60. Rd6 Bb3 61. g4 hxg4 62. hxg4 Kd3 63. g5 Ke4 64. g6 Kf5 65. g7 d4
66. Rd8 1-0

[Event "7th Sharjah Masters 2024"]
[Site "Sharjah UAE"]
[Date "2024.05.20"]
[Round "7.35"]
[White "Gupta, Abhijeet"]
[Black "Pranav, Anand"]
[Result "0-1"]
[WhiteTitle "GM"]
[BlackTitle "GM"]
[WhiteElo "2604"]
[BlackElo "2532"]
[WhiteFideId "5010608"]
[BlackFideId "46626786"]
[EventDate "2024.05.14"]

1. Nf3 Nf6 2. c4 e6 3. Nc3 d5 4. e3 Bd6 5. b3 O-O 6. Bb2 Nc6 7. Be2 dxc4 8. bxc4
e5 9. Qc2 Re8 10. Ng5 h6 11. h4 Nd4 12. exd4 exd4 13. Nb5 Bc5 14. Kf1 a6 15. Bd3
axb5 16. cxb5 b6 17. Ne4 Nxe4 18. Bxe4 Ra7 19. a4 Qd6 20. Re1 Bd7 21. Bh7+ Kf8
22. Rxe8+ Bxe8 23. Bd3 c6 24. Rh3 cxb5 25. axb5 Ra5 26. Qb3 Qf4 27. Bc4 Qxd2 28.
Rd3 Qf4 29. Rf3 Qc7 30. g3 Ra8 31. Rf4 Rd8 32. Kg1 Kg8 33. h5 Qe7 34. Qd3 Rd6
35. Bb3 Rf6 36. Re4 Bxb5 37. Rxe7 Bxd3 38. Rd7 Kf8 39. Bxd4 Bxd4 40. Rxd4 Be2
41. g4 Bf3 42. Kh2 Ke7 43. Kg3 b5 44. Rd3 Bc6 45. f4 Be8 46. Re3+ Kf8 47. g5 Ra6
48. Bd5 Rd6 49. Bb3 Bd7 50. Kf3 Be6 51. Bxe6 Rxe6 52. Ra3 Re8 53. Ra6 Rb8 54.
gxh6 gxh6 55. Rxh6 Kg7 56. Rd6 b4 57. Rd2 b3 58. Rb2 Kh6 59. Ke4 Rb5 60. Kd4
Kxh5 61. Kc4 Rb7 62. Kd4 0-1

[Event "7th Sharjah Masters 2024"]
[Site "Sharjah UAE"]
[Date "2024.05.20"]
[Round "7.37"]
[White "Vakhidov, Jakhongir"]
[Black "Raja, Rithvik R"]
[Result "1/2-1/2"]
[WhiteTitle "GM"]
[BlackTitle "GM"]
[WhiteElo "2599"]
[BlackElo "2524"]
[WhiteFideId "14201801"]
[BlackFideId "35007394"]
[EventDate "2024.05.14"]

1. c4 c6 2. d4 d5 3. Nf3 Nf6 4. Nc3 e6 5. Bg5 dxc4 6. a4 Bb4 7. e4 Bxc3+ 8. bxc3
Qa5 9. e5 Ne4 10. Rc1 b5 11. Qc2 Nxg5 12. Nxg5 Qxa4 13. Qxa4 1/2-1/2

[Event "7th Sharjah Masters 2024"]
[Site "Sharjah UAE"]
[Date "2024.05.20"]
[Round "7.40"]
[White "Kadric, Denis"]
[Black "Cardoso Cardoso, Jose Gabriel"]
[Result "0-1"]
[WhiteTitle "GM"]
[BlackTitle "GM"]
[WhiteElo "2558"]
[BlackElo "2497"]
[WhiteFideId "14403803"]
[BlackFideId "4430492"]
[EventDate "2024.05.14"]

1. e4 c5 2. Nf3 d6 3. d4 cxd4 4. Nxd4 Nf6 5. Nc3 Nc6 6. Bc4 e6 7. Be3 Bd7 8. Bb3
Nxd4 9. Bxd4 b5 10. a3 Bc6 11. Qd3 Be7 12. O-O-O O-O 13. Rhe1 Qb8 14. Nd5 Bxd5
15. exd5 e5 16. f4 Nd7 17. Kb1 Bf6 18. fxe5 Bxe5 19. c3 a5 20. Qh3 Qb7 21. Re4
Rfe8 22. Bc2 g6 23. Rf1 f5 24. Rh4 Nf6 25. Bxf5 gxf5 26. Rxf5 Bxd4 27. cxd4 Re1+
28. Ka2 Qc8 29. Qg3+ Kh8 30. Qd3 Qc1 0-1

[Event "7th Sharjah Masters 2024"]
[Site "Sharjah UAE"]
[Date "2024.05.20"]
[Round "7.41"]
[White "Samant, Aditya S"]
[Black "Seemann, Jakub"]
[Result "1/2-1/2"]
[WhiteTitle "GM"]
[BlackTitle "IM"]
[WhiteElo "2501"]
[BlackElo "2475"]
[WhiteFideId "35080580"]
[BlackFideId "21874697"]
[EventDate "2024.05.14"]

1. e4 c6 2. d4 d5 3. e5 Bf5 4. Nf3 e6 5. Be2 Nd7 6. O-O a5 7. Nc3 a4 8. Rb1 h6
9. Bd3 Ne7 10. Ne2 Qa5 11. Ng3 Bxd3 12. Qxd3 c5 13. c3 Qa6 14. Qd1 g6 15. h4 Nc6
16. h5 g5 17. Be3 a3 18. bxa3 b6 19. Rc1 Qc4 20. Qb3 Qxb3 21. axb3 Rxa3 22. b4
Be7 23. bxc5 bxc5 24. Nh2 Nb6 25. Ng4 Nc4 26. Ne2 Ra2 27. Rfe1 Kf8 28. Ra1 Rxa1
29. Rxa1 Kg7 30. Ra6 Rc8 31. g3 cxd4 32. cxd4 Bd8 33. f4 Nb4 34. Ra4 Nc2 35. Bf2
Rb8 36. Kg2 Rb2 37. Ra8 Be7 38. Ra7 Bb4 39. fxg5 hxg5 40. Ra8 Ne1+ 41. Bxe1 Bxe1
42. Nf6 Rxe2+ 43. Kf1 Re3 44. Rg8+ Kh6 45. Rh8+ Kg7 46. Rg8+ Kh6 47. Rh8+ Kg7
48. Rh7+ Kf8 49. Rh8+ 1/2-1/2

[Event "7th Sharjah Masters 2024"]
[Site "Sharjah UAE"]
[Date "2024.05.20"]
[Round "7.42"]
[White "Suleymenov, Alisher"]
[Black "Dronavalli, Harika"]
[Result "1-0"]
[WhiteTitle "GM"]
[BlackTitle "GM"]
[WhiteElo "2501"]
[BlackElo "2504"]
[WhiteFideId "13707833"]
[BlackFideId "5015197"]
[EventDate "2024.05.14"]

1. d4 d5 2. c4 e6 3. Nf3 Nf6 4. g3 Be7 5. Bg2 O-O 6. Nc3 dxc4 7. Ne5 Nc6 8. Bxc6
bxc6 9. Nxc6 Qe8 10. Nxe7+ Qxe7 11. Qa4 Nd5 12. Qxc4 a5 13. Qc5 Qxc5 14. dxc5
Nxc3 15. bxc3 e5 16. f3 Be6 17. Kf2 Rfb8 18. Rd1 f6 19. g4 Kf7 20. h4 Ke8 21. g5
Rd8 22. Rg1 Rab8 23. h5 f5 24. g6 h6 25. f4 Rd5 26. Be3 Rb2 27. Rgb1 Rc2 28. Rc1
Rb2 29. Rab1 Rxa2 30. Ra1 Rb2 31. Rxa5 c6 32. Ra6 Rd7 33. Rxc6 Bc4 34. Rc8+ Rd8
35. Rxd8+ Kxd8 36. Rd1+ Ke7 37. Rd2 Rxd2 38. Bxd2 Bd5 39. c4 Bxc4 40. c6 Kd6 41.
Bc3 Kxc6 42. Bxe5 Kd7 43. Bxg7 Ke6 44. Bxh6 Kf6 45. Bg5+ Kg7 46. e4 Be6 47. exf5
Bxf5 48. Kg3 1-0

[Event "7th Sharjah Masters 2024"]
[Site "Sharjah UAE"]
[Date "2024.05.21"]
[Round "8.3"]
[White "Tabatabaei, M. Amin"]
[Black "Suleymanli, Aydin"]
[Result "1/2-1/2"]
[WhiteTitle "GM"]
[BlackTitle "GM"]
[WhiteElo "2707"]
[BlackElo "2621"]
[WhiteFideId "12521213"]
[BlackFideId "13413937"]
[EventDate "2024.05.14"]

1. d4 Nf6 2. Nf3 d5 3. c4 e6 4. g3 Be7 5. Bg2 O-O 6. Qd3 h6 7. O-O c5 8. cxd5
exd5 9. dxc5 Bxc5 10. Be3 Bxe3 11. Qxe3 Nc6 12. Rd1 Re8 13. Qb3 Rxe2 14. Nc3 Re7
15. Nxd5 Nxd5 16. Rxd5 Qe8 17. Rd6 Be6 18. Qd3 Rd7 19. Rxd7 Qxd7 20. Qxd7 Bxd7
21. a3 Rd8 22. Rd1 Kf8 23. b4 Ke7 24. Re1+ Be6 25. b5 Na5 26. Ne5 Kf6 27. f4 Rd2
28. Rc1 Ra2 29. Rc3 Ra1+ 30. Kf2 Ra2+ 31. Kg1 Ra1+ 32. Kf2 Ra2+ 33. Kg1 g5 34.
Nd3 Ra1+ 35. Kf2 Ra2+ 36. Kg1 Ra1+ 37. Kf2 Ra2+ 1/2-1/2

[Event "7th Sharjah Masters 2024"]
[Site "Sharjah UAE"]
[Date "2024.05.21"]
[Round "8.4"]
[White "Murzin, Volodar"]
[Black "Aravindh, Chithambaram VR."]
[Result "1-0"]
[WhiteTitle "GM"]
[BlackTitle "GM"]
[WhiteElo "2634"]
[BlackElo "2671"]
[WhiteFideId "44155573"]
[BlackFideId "5072786"]
[EventDate "2024.05.14"]

1. e4 c5 2. Nf3 e6 3. d4 cxd4 4. Nxd4 a6 5. Bd3 Bc5 6. Nb3 Be7 7. Be3 Nf6 8.
N1d2 d6 9. a4 Nc6 10. Nc4 d5 11. Bb6 Qd7 12. exd5 exd5 13. Ne3 Qd6 14. O-O O-O
15. Re1 Be6 16. c3 g6 17. Bc5 Qc7 18. Bxe7 Nxe7 19. Nd4 Rae8 20. Be2 Nc8 21. Bf3
Nd6 22. Qb3 Nde4 23. Rad1 Nc5 24. Qa2 Rd8 25. a5 Rfe8 26. Qa3 Ncd7 27. g3 Ne5
28. Bg2 Bc8 29. Re2 h5 30. Rde1 Kg7 31. Qa4 Nd3 32. Rd1 Nc5 33. Qa3 Nce4 34.
Rde1 h4 35. Qb4 Nc5 36. Rd1 Nce4 37. Nf3 hxg3 38. hxg3 Nd6 39. Rde1 Rh8 40. Qb6
Qxb6 41. axb6 Nb5 42. c4 dxc4 43. Nxc4 Bg4 44. Re7 Rd7 45. Ng5 Rhd8 46. Bxb7 Nd4
47. Rxd7 Rxd7 48. Bc8 Rd5 49. b7 Rb5 50. Bxg4 Nxg4 51. Re4 1-0

[Event "7th Sharjah Masters 2024"]
[Site "Sharjah UAE"]
[Date "2024.05.21"]
[Round "8.6"]
[White "Puranik, Abhimanyu"]
[Black "Yu, Yangyi"]
[Result "1/2-1/2"]
[WhiteTitle "GM"]
[BlackTitle "GM"]
[WhiteElo "2631"]
[BlackElo "2729"]
[WhiteFideId "5061245"]
[BlackFideId "8603820"]
[EventDate "2024.05.14"]

1. e4 e5 2. Nf3 Nc6 3. Bb5 Nf6 4. d3 Bc5 5. Bxc6 dxc6 6. Nbd2 Be6 7. O-O Qd6 8.
b3 a5 9. Nc4 Bxc4 10. bxc4 Nd7 11. c3 Qe6 12. d4 Be7 13. Qe2 O-O 14. Re1 Rfe8
15. c5 h6 16. Rb1 Rab8 17. h3 Bf8 18. Qc2 b6 19. cxb6 cxb6 20. c4 Rbc8 21. Bb2
b5 22. dxe5 Nb6 23. cxb5 cxb5 24. Qe2 b4 25. Nd4 Qxe5 26. Nb3 Qg5 27. Qa6 Nc4
28. Rbc1 Qg6 29. Qxg6 fxg6 30. Ba1 a4 31. Nd4 Bd6 32. Nb5 Bf4 33. Rb1 b3 34.
axb3 Nd2 35. Rbd1 Nxb3 36. Nd6 Bxd6 37. Rxd6 Ra8 38. Rxg6 Nxa1 39. Rxa1 Rxe4 40.
Ra3 Rb4 41. Kh2 Ra7 42. Kg3 Kf7 43. Rc6 Ke7 44. f3 Kd7 45. Rg6 Kc8 46. Rc6+ Kb7
47. Rg6 Ka8 48. Re6 Kb8 49. h4 Kc8 50. Rc6+ Kd7 51. Rg6 Ke8 52. Re6+ Kf7 53. Rc6
Kg8 54. Kh3 Kh7 1/2-1/2

[Event "7th Sharjah Masters 2024"]
[Site "Sharjah UAE"]
[Date "2024.05.21"]
[Round "8.7"]
[White "Vokhidov, Shamsiddin"]
[Black "Niemann, Hans Moke"]
[Result "1-0"]
[WhiteTitle "GM"]
[BlackTitle "GM"]
[WhiteElo "2592"]
[BlackElo "2689"]
[WhiteFideId "14204223"]
[BlackFideId "2093596"]
[EventDate "2024.05.14"]

1. e4 c5 2. Nf3 Nc6 3. Bb5 Nf6 4. Bxc6 dxc6 5. d3 Qc7 6. e5 Nd5 7. c4 Nb4 8. a3
Na6 9. Qe2 Bg4 10. Nbd2 Rd8 11. h3 Bf5 12. Ne4 Qd7 13. g4 Bg6 14. Nh4 Bxe4 15.
dxe4 Nc7 16. Be3 Ne6 17. f4 g5 18. fxg5 Bg7 19. O-O Qd3 20. Qf2 Rf8 21. Nf3 Qxe4
22. Bxc5 Rd3 23. Bxa7 Nf4 24. Kh2 Qxc4 25. Rad1 Qd5 26. Bd4 Qe4 27. Qc2 Rxd4 28.
Nxd4 Qxc2+ 29. Nxc2 Bxe5 30. b4 Rg8 31. Kg3 Ne6+ 32. Kg2 Nf4+ 33. Kg3 Nd5+ 34.
Kf3 Rxg5 35. Ne3 e6 36. h4 Rg8 37. g5 Rf8 38. Ng4 Bb2 39. Rd3 f5 40. Ne3 e5 41.
Ke2 Bd4 42. Nxf5 1-0

[Event "7th Sharjah Masters 2024"]
[Site "Sharjah UAE"]
[Date "2024.05.21"]
[Round "8.8"]
[White "Salem, A.R. Saleh"]
[Black "Nguyen, Thai Dai Van"]
[Result "1-0"]
[WhiteTitle "GM"]
[BlackTitle "GM"]
[WhiteElo "2629"]
[BlackElo "2650"]
[WhiteFideId "9301348"]
[BlackFideId "358878"]
[EventDate "2024.05.14"]

1. d4 d5 2. Nf3 Nf6 3. g3 g6 4. Bg2 Bg7 5. c4 c6 6. O-O O-O 7. a4 Be6 8. Nc3
dxc4 9. e4 Bg4 10. h3 Bxf3 11. Bxf3 e5 12. dxe5 Nfd7 13. e6 fxe6 14. Be2 Ne5 15.
Be3 Nd3 16. Bxd3 cxd3 17. Qb3 Qc8 18. f4 c5 19. Qc4 b6 20. e5 Nc6 21. Qxd3 Rd8
22. Qe4 Nb4 23. Rfd1 Qc6 24. Qxc6 Nxc6 25. Nb5 Bf8 26. Kf2 Kf7 27. Kf3 Be7 28.
Ke4 a6 29. Na3 Nb4 30. g4 Nd5 31. Bf2 Rac8 32. Nc4 b5 33. axb5 axb5 34. Ne3 Nxe3
35. Bxe3 Rxd1 36. Rxd1 Ra8 37. Rd7 Ra4+ 38. Kf3 Ke8 39. Rb7 b4 40. f5 gxf5 41.
gxf5 exf5 42. Kf4 c4 43. Kxf5 c3 44. bxc3 bxc3 45. Rc7 Ra2 46. Rc8+ Kd7 47. Rxc3
Ra6 48. Rb3 Ra8 49. Rb7+ Ke8 50. Bg5 Bxg5 51. Kxg5 h6+ 52. Kf6 1-0

[Event "7th Sharjah Masters 2024"]
[Site "Sharjah UAE"]
[Date "2024.05.21"]
[Round "8.9"]
[White "Sankalp, Gupta"]
[Black "Mendonca, Leon Luke"]
[Result "1/2-1/2"]
[WhiteTitle "GM"]
[BlackTitle "GM"]
[WhiteElo "2532"]
[BlackElo "2640"]
[WhiteFideId "5097010"]
[BlackFideId "35028561"]
[EventDate "2024.05.14"]

1. Nf3 d5 2. g3 Nf6 3. Bg2 c6 4. O-O Bg4 5. c4 e6 6. h3 Bxf3 7. Bxf3 dxc4 8. Na3
Bxa3 9. bxa3 O-O 10. a4 Qa5 11. Rb1 Qa6 12. Ba3 Re8 13. d4 Nbd7 14. Qc2 Rac8 15.
Bc1 Nb6 16. Bg5 Nxa4 17. Bxf6 gxf6 18. Qe4 b5 19. Qh4 Qb7 20. Qxf6 Qe7 21. Qh6
Nc3 22. Rb2 Nd5 23. Rd1 Qf6 24. Qc1 Red8 25. Kg2 a5 26. e4 Nb4 27. e5 Qg6 28.
Re2 Nd3 29. Qe3 c5 30. Be4 cxd4 31. Qd2 Qh5 32. Bf3 Qf5 33. Be4 Qh5 34. Bf3 Qf5 1/2-1/2

[Event "7th Sharjah Masters 2024"]
[Site "Sharjah UAE"]
[Date "2024.05.21"]
[Round "8.10"]
[White "Zemlyanskii, Ivan"]
[Black "Mishra, Abhimanyu"]
[Result "1/2-1/2"]
[WhiteTitle "FM"]
[BlackTitle "GM"]
[WhiteElo "2516"]
[BlackElo "2634"]
[WhiteFideId "24249971"]
[BlackFideId "30920019"]
[EventDate "2024.05.14"]

1. e4 c5 2. Nf3 d6 3. d4 cxd4 4. Nxd4 Nf6 5. Nc3 a6 6. Bg5 e6 7. f4 Qb6 8. Qd2
Qxb2 9. Rb1 Qa3 10. e5 h6 11. Bh4 dxe5 12. fxe5 Nfd7 13. Ne4 Qxa2 14. Rd1 Qd5
15. Qe3 Qxe5 16. Be2 Bc5 17. Bg3 Qd5 18. O-O e5 19. Nxc5 Qxc5 20. Rxf7 Kxf7 21.
Qb3+ Ke7 22. Bf2 exd4 23. Bxd4 Qd6 24. Bh5 g6 25. Qe3+ Qe6 26. Qg3 gxh5 27. Bxh8
Kd8 1/2-1/2

[Event "7th Sharjah Masters 2024"]
[Site "Sharjah UAE"]
[Date "2024.05.21"]
[Round "8.11"]
[White "Artemiev, Vladislav"]
[Black "Gledura, Benjamin"]
[Result "1/2-1/2"]
[WhiteTitle "GM"]
[BlackTitle "GM"]
[WhiteElo "2705"]
[BlackElo "2619"]
[WhiteFideId "24101605"]
[BlackFideId "712779"]
[EventDate "2024.05.14"]

1. d4 d5 2. Nf3 Nf6 3. Bf4 c5 4. e3 Nc6 5. Nbd2 Bg4 6. c3 e6 7. Qb3 Qc8 8. Nh4
Bh5 9. h3 Be7 10. g4 Bg6 11. Nxg6 hxg6 12. Be2 Qd7 13. dxc5 Bxc5 14. O-O-O Na5
15. Qb5 Qxb5 16. Bxb5+ Nc6 17. g5 Nd7 18. c4 a6 19. Ba4 Nb6 20. cxd5 exd5 21.
Bb3 O-O-O 22. h4 Bd6 23. Bxd6 Rxd6 24. Nf3 Kc7 25. Kc2 Nc4 26. Bxc4 dxc4 27.
Rxd6 Kxd6 28. Rd1+ Kc7 29. Kc3 b5 30. a4 bxa4 31. Ra1 Rb8 32. Nd2 Rb4 33. Rh1 a5
34. f4 Na7 35. Nxc4 Nb5+ 36. Kd3 Nd6 37. Rc1 Nxc4 38. Rxc4+ Kd6 39. Rc2 Kd5 40.
Rd2 Rb3+ 41. Kc2+ Ke4 42. Rd7 Rxe3 43. Rxf7 Rh3 44. Ra7 Rxh4 45. Rxg7 Rxf4 46.
Rxg6 Kf5 47. Rg8 Rb4 48. Rg7 Rb5 49. Rg8 Rb4 50. g6 Kf6 51. Kc3 Rb3+ 52. Kc2 Rb5
53. Kc1 Rb4 54. g7 Kf7 55. Ra8 Kxg7 56. Rxa5 Kf6 57. Kb1 Ke6 58. Ka2 Kd6 59. Ka3
Rb3+ 60. Kxa4 Rxb2 61. Rb5 1/2-1/2